000 00661pam a2200229 a 4500
001 462396
005 20180307031836.0
008 831128s1984 mnua b 001 0 eng
010 _a 83023568
020 _a0314778624 :
_c$24.95
020 _a0314778659 (International ed.) :
_c$17.00
040 _aDLC
_cDLC
_dDLC
041 _aeng
080 _a613.2 WHI
082 0 0 _a613.2 WHI
_219
100 1 _a10
101 _aNUT
245 1 0 _aUnderstanding nutrition /
_cEleanor Noss Whitney, Eva May Nunnelley Hamilton.
504 _aIncludes bibliographical references and index.
906 _a7
_bcbc
_corignew
_d1
_eocip
_f19
_gy-gencatlg
942 _2ddc
_cBK
999 _c44237
_d44237